| 000 | 00338nam a2200121Ia 4500 | ||
|---|---|---|---|
| 008 | 190216s9999||||xx |||||||||||||| ||und|| | ||
| 100 | _aRavindranatha Kurup M & Janardhanan Pillay | ||
| 245 | 0 | _aKerala Engineering Entrance Examination | |
| 260 |
_bAjith Book Center _c1987 |
||
| 300 | _a202p | ||
| 650 | _aEntrance Exam | ||
| 942 | _cREF | ||
| 999 |
_c35874 _d35874 |
||